000
00310nam a2200109Ia 4500
008
160531s9999 xx 000 0 und d
100
_a
Oriols, Xavier.
245
_a
Overview of Bohmian Mechanics
245
_c
by Xavier Oriols, Jordi Mompart
260
_c
2012
856
_u
http://arxiv.org/pdf/1206.1084v2.pdf
999
_c
295260
_d
295260